La mujer del faro /

Guardat en:
Dades bibliogràfiques
Autor principal: Rosman, Ann (autor)
Format: Llibre
Idioma:espanyol
Publicat: Barcelona, España : Salamandra, 2011, c2010
Edició:2a edición
Matèries:
Etiquetes: Afegir etiqueta
Sense etiquetes, Sigues el primer a etiquetar aquest registre!

MARC

LEADER 00000nam^a2200000^a^4500
001 000616802
005 20250630000000.0
009 20260526154231.952
020 |a 978-84-9838-308-9 
037 |a Acervo ITESO - Biblioteca 
041 |a ESP 
082 |a 839. 7  |b ROS 
100 |a Rosman, Ann  |e (autor) 
245 1 3 |a La mujer del faro /  |c A. Rosman ; tr. por Sofía Pascual Pape. 
250 |a 2a edición 
264 4 |a Barcelona, España :  |b Salamandra,  |c 2011, c2010 
300 |a 283 p. 
336 |a texto  |b txt  |2 rdacontenido 
337 |a sin mediación  |b n  |2 rdamedio 
338 |a volumen  |b nc  |2 rdasoporte 
500 |a Traducción de: Fyrmästarens Dotter 
649 |a XX 
650 |a Novela Sueca 
650 |a Literatura Sueca -  |y Siglo XXI 
650 |a Literatura de Mujeres -  |z Suecia 
650 |a Literatura Policíaca y de Misterio -  |z Suecia 
910 |a Fondo Castillo-Martínez 
920 |a Impresos - Libros 
930 |a Fondos Especiales 
940 |a Literatura 
905 |a 127 
901 |a 616802-10  |b IT2  |c ESP  |i D129315  |u 20250630 
902 |a https://opac.biblio.iteso.mx/vufind/Record/000616802